000 00937cam a2200265 i 4500
003 SA-RiAUC
005 20250523132801.0
008 250522s1985 jo g 000 0 ara c
040 _aSA-JeALM
_bara
_cSA-RiAUC
_erda
082 0 4 _a240
090 _a240
_b س ل ي
100 1 _aسليم، فتحي محمد
_eمؤلف.
245 1 2 _aالاستدلال بالظني في العقيدة /
_cفتحي محمد سليم.
250 _aالطبعة الثانية.
264 1 _a(عمان، الأردن) :
_bمطبعة الزرقاء الحديثة،
_c1985
300 _a104 صفحة.
_c24 سم.
336 _aنص
_btxt
_2rdacontent
_3كتاب
337 _aبدون وسيط
_bn
_2rdamedia
338 _aمجلد
_bnc
_2rdacarrier
440 0 _aمن أبحاث العقيدة
650 7 _aعلم الكلام
_2aucsh
650 7 _aعلم الكلام
_2aucsh
942 _2ddc
_cBOOK
_n0
949 _aSA-JeALM
_d250522
_uosman123
_n1
999 _c8252
_d8252